| 000 | 00705nam a22002057a 4500 | ||
|---|---|---|---|
| 005 | 20220202135120.0 | ||
| 008 | 220202b mx ||||| |||| 00| 0 spa d | ||
| 020 | _a9688590231 | ||
| 050 | 0 | 4 |
_aBT216.5 _bD74 1987 |
| 100 | 1 |
_aDreyfus, François, _e1918- |
|
| 240 | _a Jésus savait-il qu'il était Dieu ? | ||
| 245 |
_a¿Sabía Jesús que era Dios? / _cFrançois, Dreyfus ; traductor de Jorge López Moctezuma |
||
| 250 | _a1a edición. | ||
| 260 |
_aMéxico ; _bUniversidad Iberoamericana, _c1987 |
||
| 300 |
_a125 p. ; _c21 cm. |
||
| 650 | _aJesucristo. | ||
| 650 | _aEl conocimiento de Jesucristo de su propia divinidad. | ||
| 700 |
_aLópez Moctezuma, Jorge _etr. |
||
| 942 |
_2lcc _cLIB |
||
| 999 |
_c160134 _d160132 |
||